000 005480000a22001810004500
003 MACL
005 20160209125729.0
008 160209b xxu||||| |||| 00| 0 eng d
040 _aMACL
_cMACL
041 _aHindi
082 _a100
100 _aएडलर डॉक्‍टर एल्‍फ्रेड
_937436
245 _aहमारे जीवन का अर्थ
260 _bराजकमल प्रकाशन
_aनई दिल्‍ली
350 _a2
650 _aPhilosophy
_937437
942 _cHIN
_k100
_2ddc
999 _c24390
_d24390